000 00426nam a22001697a 4500
003 SGT
020 _a9788197055973
082 _a612.015
_bL24S
100 _aSINGH, RITU
245 _aLIPPINCOTT ILLUSTRATED REVIEWS BIOCHEMISTRY
250 _a2ND S.A.
260 _aINDIA
_bWOLTERS KLUWER PUB
_c2024
300 _a854
650 _aBIOCHEMISTRY
653 _aLIPPINCOTT ILLUSTRATED REVIEWS BIOCHEMISTRY
942 _2ddc
_cBK
999 _c30791
_d30791